000 00545nam a22002057a 4500
003 LK-CoMWRAF
005 20231025231349.0
008 231025b |||||||| |||| 00| 0 eng d
020 _a9789554560024
040 _aLK-CoMWRAF
_dLK-CoMWRAF
_eLK-CoMWRAF
041 _aeng
082 _a823
_bRAT
100 _aRathnayake, Madubhasini
245 _aTales of shades and shadow
260 _aBoralesgamuwa :
_bPrajaya studio,
_c2013
300 _a99p. ; 16cm
650 _aEnglish Fiction
650 _aSri Lankan Fiction--English
942 _cBK
999 _c4003
_d4003